00588nam a2200205 a 4500001001300000003000900013005001700022008004100039020002300080082002000103100001900123245009600142260004100238300000900279500003500288505001000323650000800333650002200341700001900363nice12345678IN_TiNIC20260116014321.0070530s2007 dela grp 000 0 eng  a8187358270 c65000a324.245408bFRO aFroerer, Peggy aReligious Division and Social Conflictb The Emergence of Hinjdu Nationalism in Rural India aDelhi bSocial Sciences Press c2007 a295p aincludes index and biblioraphy2 aIndex aRSS aCommunalism-India1 aFroerer, Peggy